| 000 | 00486nam a22001937a 4500 | ||
|---|---|---|---|
| 003 | CEME | ||
| 005 | 20210628204608.0 | ||
| 008 | 210219b xxu||||| |||| 00| 0 eng d | ||
| 020 | _a81-239-0105-4 | ||
| 040 | _c. | ||
| 082 | _a620.106 GUP'F | ||
| 100 |
_aGupta, V. P Dr Singh, Alan Dr _971103 |
||
| 245 | _aFluid mechanics fluid mechanics and hydraulics | ||
| 250 | _a2ND | ||
| 260 |
_aDELHI _bCBS _c1992 |
||
| 300 | _a1102P | ||
| 650 |
_a ACC NO-30113 _971104 |
||
| 942 |
_cBK _2ddc |
||
| 999 |
_c577809 _d577809 |
||